000 00817nmm a2200265 a 4500
001 ocm0001256885
003 TR-IsHL
005 20201028160611.0
008 160715s2015 tu tur
007 cr cn
020 _a9786059285551
035 _a1256885
_b(N$T)
050 0 4 _aPL248.E73
_bT6 2015
090 0 4 _aPL248.E73
_bT6 2015
100 1 _aErdem, Halil
245 1 0 _aTokatçı
_h[electronic resource] /
_cHalil Erdem
260 _aİstanbul :
_bE-Kitap Projesi,
_c2015
300 _a133 p.
650 4 _aDil ve Edebiyat
650 4 _aLanguage and Literature
650 0 _aÇocuk hikayeleri, Türk
650 0 _aChildren story, Turkish
650 7 _aJUVENILE FICTION / General
_2bisacsh
856 4 0 _uhttp://search.ebscohost.com/login.aspx?direct=true&scope=site&db=e011xww&AN=1256885
999 _c13687
_d13687